00881nam a2200229 a 450000100100000000500170001000800410002704000250006808200190009310000350011224500500014726000350019730000280023259000270026065000330028765000190032065000190033991000370035895201170039595201220051299900170063400001661820200929164934.0100308s1995 dr a 000 0 spa d aDO-SdBNPbspacBNPHU a641.874bM868g1 aMoronta Muñoz, Alexis93692110aGuía profesional del bar /cAlexis Moronta. a[Santo Domingo :bs.n],c1995. a128 p. :bil. ;c22 cm. aInventariado, 2018/ YL 4aBebidas alcohólicas922080 4aCocteles92215 4aLicores922083 aValidado. Control de calidad EMS 0010718PDaPDbPDcHDd2010-03-08iLF1l0o641.874 M868gp16618-10r2020-06-25w2020-06-25yLFPDZNo se presta 0010718PDaPDbPDcHDd2010-03-08iLF1l0o641.874 M868gp16618-20r2020-06-25te.2w2020-06-25yLFPDZNo se presta c16151d16151